000 00827nam a2200265 a 4500
001 000048104
003 DO-SdBNP
005 20221024110506.0
007 ta
008 181115s2015 dr 000 p spa d
020 _a9789945589825
040 _aDO-SdBNP
_bspa
_cBNPHU
082 4 _aRD861.5
_bA452o
_222
100 1 _aAlmonte, Narciso
_975586
245 1 4 _aLos ojos del amor /
_cNarciso Almonte ; prólogo Juan Martínez Luque.
260 _aSanto Domingo :
_bSantuario,
_c2015.
300 _a49 p. ;
_c23 cm.
500 _aIncluye datos biográficos del autor en la solapa de la cubierta
590 _aInventariado, 2018/LP
650 4 _aPoesía dominicana
650 4 _aLiteratura dominicana
700 1 _aMartínez Luque, juan,
_epról.
_973431
910 _aValidado. Control de calidad MFF
942 _2ddc
_cLBS1
999 _c47592
_d47592